Minecraft Armor Trims - Statistics

General Stats
  • This quiz has been taken 105 times
  • The average score is 11 of 18
Answer Stats
Picture Answer % Correct
Eye
85%
Silence
85%
Ward
80%
Rib
76%
Vex
69%
Dune
63%
Coast
61%
Flow
61%
Spire
61%
Snout
59%
Wild
59%
Sentry
54%
Tide
54%
Bolt
52%
Wayfinder
52%
Host
41%
Raiser
37%
Shaper
33%
No matching quizzes found
Score Distribution
Percent of People with Each Score
Percentile by Number Answered
Your Score History
You have not taken this quiz